000 00781nac a22002171u 4500
010 _a90033829
020 _a0471504882
082 0 0 _a620.11
_bC162
090 _c1753
_d1753
100 _aCallister, William D.,
245 1 0 _aMaterials science and engineering :
_ban introduction /
_cWilliam D. Callister, Jr.
250 _a2nd ed.
260 _aNew York :
_bWiley,
_cc1991.
300 _axxi, 791 p. :
_bill. ;
_c25 cm.
500 _aDonations
500 _aDonations - Dr. Mostafa Gouda
504 _aIncludes bibliographical references and index.
650 0 _aMaterials.
942 _cBB
_k620.11C162
999 _c1753
_d1753